000
00272nam a2200109Ia 4500
008
191201s2013 xx 000 0 und d
100
_a
OBEROI, Jagmohan
245
0
_a
Applied Chemistry Vol -2
260
_c
2013
_b
NORTH PUB.
_a
NEW DELHI
300
_a
208
942
_2
ddc
_c
BK
_0
10
999
_c
8085
_d
8085